Tutti gli Stati confinanti meno popolosi - Statistics

Statistiche generali
  • Questo quiz è stato fatto 8 volte
    6 dall'ultimo reset
  • Il punteggio medio è 100 su 139
Statistiche sulle risposte
Nazione Nazione confinante meno popolosa % Corretto
Italia Città del Vaticano
100%
Pakistan Afghanistan
75%
Macedonia del Nord | Montenegro Albania
75%
Spagna Andorra
75%
Uruguay Argentina
75%
Azerbaigian | Georgia | Iran | Turchia Armenia
75%
Slovacchia Austria
75%
Lussemburgo | Paesi Bassi Belgio
75%
Guatemala | Messico Belize
75%
Nigeria | Togo Benin
75%
Cina | India Bhutan
75%
Bangladesh Birmania
75%
Namibia | Zambia | Zimbabwe Botswana
75%
Malaysia Brunei
75%
Ruanda | Tanzania Burundi
75%
Laos Cambogia
75%
Stati Uniti Canada
75%
Bhutan | Nepal Cina
75%
Nicaragua | Panama Costa Rica
75%
Slovenia Croazia
75%
Oman Emirati Arabi Uniti
75%
Gibuti | Sudan Eritrea
75%
Lettonia | Russia Estonia
75%
Mozambico | Sudafrica eSwatini
75%
Norvegia Finlandia
75%
Guinea Equatoriale | Repubblica del Congo Gabon
75%
Armenia Georgia
75%
Eritrea | Etiopia | Somalia Gibuti
75%
Guinea Bissau Guinea
75%
Guinea | Senegal Guinea Bissau
75%
Camerun | Gabon Guinea Equatoriale
75%
Suriname | Venezuela Guyana
75%
El Salvador Honduras
75%
Libano | Palestina Israele
75%
Tagikistan Kirghizistan
75%
Iraq Kuwait
75%
Birmania | Cambogia | Thailandia | Vietnam Laos
75%
Bielorussia | Estonia | Lituania Lettonia
75%
Siria Libano
75%
Niger | Sierra Leone | Tunisia Libia
75%
Austria | Svizzera Liechtenstein
75%
Polonia Lituania
75%
Belgio | Germania Lussemburgo
75%
Bulgaria | Grecia Macedonia del Nord
75%
Mali | Marocco Mauritania
75%
Romania | Ucraina Moldavia
75%
Albania | Bosnia ed Erzegovina | Croazia | Serbia Montenegro
75%
eSwatini Mozambico
75%
Honduras Nicaragua
75%
Finlandia | Svezia Norvegia
75%
Emirati Arabi Uniti | Yemen Oman
75%
Egitto | Giordania | Israele Palestina
75%
Colombia | Costa Rica Panama
75%
Bolivia Paraguay
75%
Ecuador Perù
75%
Arabia Saduita Qatar
75%
Moldavia Romania
75%
Burundi | Uganda Ruanda
75%
Mongolia Russia
75%
Liberia Sierra Leone
75%
Repubblica Ceca Slovacchia
75%
Ungheria Slovenia
75%
Andorra Spagna
75%
Kenya Sudan del Sud
75%
Brasile | Guyana Suriname
75%
Kirghizistan Tagikistan
75%
Indonesia Timor Est
75%
Benin | Burkina Faso | Ghana Togo
75%
Algeria | Libia Tunisia
75%
Afghanistan | Kazakistan | Uzbekistan Turkmenistan
75%
Argentina Uruguay
75%
Malawi Zambia
75%
Kuwait Arabia Saudita
50%
Cile | Paraguay | Perù Bolivia
50%
Corea del Nord Corea del Sud
50%
Belize Guatemala
50%
Turkmenistan Kazakistan
50%
Costa d’Avorio Liberia
50%
Francia Monaco
50%
Angola | Botswana Namibia
50%
Ciad | Sudan del Sud Repubblica Centrafricana
50%
Repubblica Centrafricana | Repubblica Democratica del Congo Repubblica del Congo
50%
Mauritania Senegal
50%
Liechtenstein Svizzera
50%
Nessun quiz corrispondente trovato
Distribuzione punteggi
Percentuale di utenti per punteggio
Percentile per numero di risposta
I tuoi punteggi nel tempo
Non hai fatto questo quiz dall'ultimo reset